[Event "Lisboa Masters"]
[Site "Lisboa"]
[Date "1996.??.??"]
[Round "2"]
[White "Galego, Luis"]
[Black "Pinheiro, Jose"]
[Result "1-0"]
[WhiteElo "2445"]
[BlackElo "2250"]

1.e4 c5 2.Nf3 d6 3.Bb5+ Nd7 4.O-O Nf6 5.Re1 a6 6.Bf1 e6 7.c4 Be7 8.d4 cxd4
9.Nxd4 O-O 10.Nc3 Qc7 11.Bg5 Re8 12.Rc1 b6 13.Bh4 Bb7 14.Bg3 Rad8 15.b4 Qc8
16.a3 Qa8 17.f3 Rc8 18.Nb3 Red8 19.Bf2 Bf8 20.Na4 Rc6 21.Qd2 Qb8 22.Bd4 Ba8
23.Qf2 Rdc8 24.Rcd1 Be7 25.Rd2 Bd8 26.b5 Rxc4 27.Bxc4 Rxc4 28.Nb2 axb5 29.Nxc4 bxc4
30.Na1 e5 31.Be3 d5 32.exd5 Nxd5 33.Red1 N7f6 34.Nc2 Be7 35.Kh1 h6 36.Nb4 Bxb4
37.axb4 c3 38.Rc2 e4 39.Rxd5 Bxd5 40.Kg1 exf3 41.gxf3 Qa8 42.Bd4 Bxf3 43.Rxc3 Qe4
44.Bxf6 Qb1+ 45.Qf1 Qg6+ 46.Kf2 Bb7 47.Bxg7 Qf5+ 48.Kg1 Qe4 49.Bf6 Qh1+ 50.Kf2 Qxh2+
51.Ke1 Kf8 52.Qf2 Qh1+ 53.Kd2 Qd5+ 54.Qd4 Qg2+  1-0

[Event "Litomysl op"]
[Site "Litomysl"]
[Date "1996.??.??"]
[Round "2"]
[White "Berezjuk, Sergej"]
[Black "Blazkova, Petra"]
[Result "1/2-1/2"]
[WhiteElo "2450"]
[BlackElo "2215"]

1.e4 c5 2.Nf3 d6 3.Bb5+ Bd7 4.Bxd7+ Qxd7 5.c4 Nc6 6.Nc3 Ne5 7.Nxe5 dxe5 8.Qh5 Qd4
9.Qe2 Nf6 10.d3 O-O-O 11.Nd5 Nxd5 12.exd5 e6 13.Be3 Qh4 14.dxe6 f5 15.b4 e4
16.dxe4 Qxe4 17.O-O Bd6 18.Rfe1 Qxe6 19.bxc5 Bb8 20.Qf3 Rhe8 21.Bd2 Qg6 22.Ba5 Bc7
23.Bxc7 Kxc7 24.g3 Qg4 25.Qc3 f4 26.Kg2 Qg6 27.Qf3 fxg3 28.Qf4+ Kc8 29.hxg3 Qc6+
30.Kg1 Qxc5 31.Qg4+ Kb8 32.Qxg7 h5 33.Qh6 Ka8 34.Rxe8 Rxe8 35.Rc1 a6 36.Qf4 Re2
37.Qf3 Rxa2 38.Rd1 Qc7 39.Qxh5 Rc2 40.Qe8+ Ka7 41.Qe3+ Ka8 42.Rc1 Qxc4 43.Qe8+ Ka7
44.Qe3+ Ka8 45.Rd1 Qg4 46.Rd5 Rc8 47.Rd4 Qg6 48.g4 Qb1+ 49.Kg2 Rh8 50.Qe7 Qh1+
51.Kg3 Rh3+ 52.Kf4 Qf3+ 53.Kg5 Qxf2 54.Qf6 Qh4+ 55.Kg6 Qh6+ 56.Kf7 Qxf6+
57.Kxf6 Rf3+ 58.Ke5 Rg3 59.Kf5 b5 60.g5 Kb7 61.g6 Kb6 62.Rg4 Rf3+ 63.Ke4 Rf8
64.g7 Rg8 65.Kd4 b4 66.Kc4 Ka5 67.Rg6 b3 68.Kxb3 Kb5 69.Rg5+ Kc6 70.Kc4 Kd6
71.Rg6+ Ke5 72.Rxa6  1/2-1/2

[Event "Asia-ch Boys"]
[Site "Macau"]
[Date "1996.??.??"]
[Round "?"]
[White "Sadvakasov, Darmen"]
[Black "Amonatov, Farrukh"]
[Result "1/2-1/2"]
[WhiteElo "2280"]
[BlackElo "2110"]

1.e4 c5 2.Nf3 d6 3.Bb5+ Nc6 4.O-O Bd7 5.c3 Nf6 6.Re1 a6 7.Bxc6 Bxc6 8.d4 Bxe4
9.Bg5 d5 10.Nbd2 e6 11.Nxe4 dxe4 12.Rxe4 Be7 13.Bxf6 gxf6 14.Qb3 Qd7 15.Rc1 O-O-O
16.dxc5 Bxc5 17.Qc4 Qc7 18.b4 f5 19.Rf4 Bd6 20.Rd4 Qxc4 21.Rxc4+ Bc7 22.Kf1 Rhg8
23.g3 Rd5 24.Rh4 Rg7 25.Ke2 Bd8 26.Rh6 Rd7 27.h3 Rc7 28.Kd3 Be7 29.Rg1 Rg8
30.a3 Rd8+ 31.Kc2 Rh8 32.Kb3 Bf8 33.Rh4 Bg7 34.Rc1 Bf6 35.Rc4 Rd8 36.Rxc7+ Kxc7
37.Kc2 b5 38.a4 Kb6 39.axb5 axb5 40.Ra1 Rc8 41.Ra3 h5 42.Ne1 h4 43.gxh4 Bxh4
44.Nd3 Be7 45.Ra1 Rxc3+ 46.Kd2 Rc8 47.Rg1 Bf6 48.Ke2 Rh8 49.Rg3 Kc6 50.Ne1 Rh4
51.Nd3 Kd5 52.Rg8 Rh8 53.Rg1 Bc3 54.Rg3 Kc4 55.Rf3 Rh4 56.Re3 Re4 57.f3 Rh4
58.f4 Bxb4 59.Ne5+ Kd5 60.Rd3+ Kc5 61.Nd7+ Kc6 62.Ne5+ Kb6 63.Nxf7 Rxf4 64.Re3 Kc5
65.Ng5 Rh4 66.Nxe6+ Kd5 67.Nc7+ Kc4 68.Nxb5 Bc5 69.Na3+ Kd5 70.Rd3+ Ke5 71.Nb1 Re4+
72.Kf3 Rf4+ 73.Kg3 Rf1 74.Nd2 f4+ 75.Kg4 Rg1+ 76.Kf3 Rg3+ 77.Ke2 Rg2+ 78.Kf1 Rg1+
79.Ke2 Rg2+ 80.Kf1 Rg1+ 81.Ke2 Rg2+ 82.Kd1 Be3 83.Rd8 Bxd2 84.Rxd2 f3 85.Ke1 Kf4
86.Rxg2 fxg2 87.Kf2 g1=Q+ 88.Kxg1 Kg3 89.h4 Kxh4 90.Kg2 Kg4  1/2-1/2

[Event "Asia-ch Boys"]
[Site "Macau"]
[Date "1996.??.??"]
[Round "?"]
[White "Sadvakasov, Darmen"]
[Black "Mas, Hafizulhelmi"]
[Result "1-0"]
[WhiteElo "2280"]
[BlackElo "2290"]

1.e4 c5 2.Nf3 d6 3.Bb5+ Nc6 4.O-O a6 5.Bxc6+ bxc6 6.d4 cxd4 7.Qxd4 Bg4 8.Qd3 Nf6
9.Bg5 h6 10.Bxf6 gxf6 11.Nd4 Qb6 12.Nd2 e5 13.N4b3 Be6 14.c4 Rd8 15.Rfd1 Be7
16.Nf1 d5 17.cxd5 cxd5 18.exd5 Rxd5 19.Qg3 Rxd1 20.Rxd1 Kf8 21.Ne3 Qb7 22.Qh4 h5
23.Na5 Qb5 24.Nac4 f5 25.Rd8+ Bxd8 26.Qxd8+ Qe8 27.Qf6 Rg8 28.Nd6 Qc6 29.Qd8+ Kg7
30.Nexf5+  1-0

[Event "Madrid"]
[Site "Madrid"]
[Date "1996.??.??"]
[Round "4"]
[White "Morozevich, Alexander"]
[Black "Salov, Valery"]
[Result "0-1"]
[WhiteElo "2625"]
[BlackElo "2670"]

1.e4 c5 2.Nf3 d6 3.Bb5+ Nd7 4.c3 Nf6 5.Qe2 a6 6.Ba4 Qc7 7.O-O c4 8.Bc2 e5
9.b4 Nb6 10.a4 Be6 11.h3 h6 12.Re1 Be7 13.a5 Nbd7 14.d4 cxd3 15.Bxd3 d5 16.exd5 Nxd5
17.Ra2 O-O 18.Rc2 Rac8 19.Bd2 Rfd8 20.Na3 Bf8 21.Nc4 Nf4 22.Bxf4 exf4 23.Nce5 Nxe5
24.Nxe5 Bd6 25.Nf3 Bf8 26.Ne5 Bd6 27.Nf3 Bb3 28.Rcc1 g6 29.h4 Bc4 30.h5 Bxd3
31.Qxd3 Bf8 32.Qb1 g5 33.c4 Bg7 34.c5 Rd5 35.Rcd1 Qd7 36.Qb3 Rxd1 37.Rxd1 Qf5
38.Rd5 Qe6 39.Qd3 g4 40.Rd6 Qe8 41.Nd2 Qe1+ 42.Nf1 g3 43.fxg3 Qxb4 44.Rd5 fxg3
45.Nxg3 Rxc5 46.Rd8+ Bf8 47.Qe3 Rc3 48.Qd2 Qc5+ 49.Kh2 Qe5 50.Qf2 Qg5 51.Ne2 Qxd8
52.Nxc3 Qc7+ 53.Qg3+ Qxg3+ 54.Kxg3 Bb4 55.Ne4 Bxa5 56.Kf3 Bb4 57.Ke3 f5 58.Nf6+ Kf7
59.Nd5 Bd6  0-1

[Event "Madrid"]
[Site "Madrid"]
[Date "1996.??.??"]
[Round "9"]
[White "Salov, Valery"]
[Black "Shirov, Alexei"]
[Result "0-1"]
[WhiteElo "2670"]
[BlackElo "2690"]

1.e4 c5 2.Nf3 d6 3.Bb5+ Bd7 4.Bxd7+ Qxd7 5.O-O Nc6 6.c4 Nf6 7.Nc3 g6 8.Rb1 Bg7
9.a3 O-O 10.b4 Ng4 11.Nd5 e6 12.Ne3 Nge5 13.Nxe5 dxe5 14.b5 Nd4 15.Nc2 Rad8
16.Nxd4 Qxd4 17.Qc2 Qd3 18.Rb2 Qe2 19.d3 Qxc2 20.Rxc2 Rxd3 21.Re1 Rfd8 22.Kf1 f5
23.Bb2 f4 24.Bc3 g5 25.f3 Kf7 26.Ree2 Bf6 27.a4 h5 28.h3 g4 29.hxg4 hxg4
30.fxg4 Bh4 31.g3 Bxg3 32.Bxe5 f3  0-1

[Event "Manresa op"]
[Site "Manresa"]
[Date "1996.??.??"]
[Round "8"]
[White "Basas, J."]
[Black "Gual Pascual, Antonio"]
[Result "0-1"]
[WhiteElo "2170"]
[BlackElo "2430"]

1.e4 c5 2.Nf3 d6 3.Bb5+ Nc6 4.O-O Bd7 5.d4 cxd4 6.Nxd4 Nf6 7.Nc3 e6 8.Be3 Be7
9.Qe2 O-O 10.f3 Qc7 11.Rfd1 Rfc8 12.Rd2 Ne5 13.Bd3 a6 14.a4 Be8 15.Kh1 Nfd7
16.f4 Nc4 17.Bxc4 Qxc4 18.Qxc4 Rxc4 19.Nb3 Nf6 20.Rd4 Rac8 21.Rad1 Rxd4 22.Rxd4 b5
23.axb5 axb5 24.e5 dxe5 25.fxe5 Nd7 26.Nxb5 Nxe5 27.Nc3 f5 28.h3 g5 29.Bc1 g4
30.Bf4 Bf6 31.Rd6 Kf7 32.Nd2 Ng6 33.Be3 gxh3 34.g3  0-1

[Event "Manresa op"]
[Site "Manresa"]
[Date "1996.??.??"]
[Round "9"]
[White "Jimenez, Antonio"]
[Black "Prat, A."]
[Result "0-1"]
[WhiteElo "2195"]
[BlackElo "2005"]

1.e4 c5 2.Nf3 d6 3.Bb5+ Nd7 4.O-O e6 5.d4 cxd4 6.Qxd4 a6 7.Bxd7+ Bxd7 8.c4 Nf6
9.e5 dxe5 10.Nxe5 Qc7 11.Bg5 Be7 12.Nxd7 Qxd7 13.Qh4 O-O 14.Nc3 Rfe8 15.Rad1 Qc7
16.Rd3 Qe5 17.Rfd1 Rad8 18.Bxf6 Rxd3  0-1

[Event "ITA-ch"]
[Site "Mantova"]
[Date "1996.??.??"]
[Round "1"]
[White "Belotti, Bruno"]
[Black "Tatai, Stefano"]
[Result "1/2-1/2"]
[WhiteElo "2400"]
[BlackElo "2375"]

1.e4 c5 2.Nf3 d6 3.Bb5+ Bd7 4.Bxd7+ Nxd7 5.O-O Ngf6 6.Re1 e6 7.b3 Be7 8.Bb2 O-O
9.c4 e5 10.Nc3 Ne8 11.d3 Nc7 12.a3 a5 13.Nd2 Bg5 14.Ndb1 Nb8 15.a4 Nc6 16.Na3 g6
17.Nab5 Ne6 18.Nd5 Nb4 19.Nbc3 Nf4 20.Nxf4 Bxf4  1/2-1/2

[Event "Mar del Plata op"]
[Site "Mar del Plata"]
[Date "1996.??.??"]
[Round "7"]
[White "Tempone, Marcelo"]
[Black "Ginzburg, Maximiliano"]
[Result "1-0"]
[WhiteElo "2460"]
[BlackElo "2405"]

1.e4 c5 2.Nf3 d6 3.Bb5+ Nd7 4.d4 Nf6 5.Nc3 cxd4 6.Qxd4 e5 7.Qd3 h6 8.Bc4 Nc5
9.Qe2 a6 10.a4 Be6 11.O-O Rc8 12.Bxe6 Nxe6 13.Rd1 Qc7 14.Be3 Qc4 15.Qxc4 Rxc4
16.Nd2 Rc7 17.Rac1 Be7 18.f3 O-O 19.Nb3 Rfc8 20.a5 Rc4 21.Kf1 Kf8 22.Rd2 Ke8
23.Ke2 Nf8 24.Kd1 N8d7 25.Ra1 R8c6 26.Rd3 Rb4 27.Ra4 Rxa4 28.Nxa4 Bd8 29.Bd2 Ke7
30.Bb4 Ke6 31.Nc3 Ne8 32.Nd5 g6 33.g4 Bg5 34.f4 Bxf4 35.Nxf4+ exf4 36.Nd4+ Ke5
37.Nxc6+ bxc6 38.Ke2 c5 39.Bc3+ Kxe4 40.b4 g5 41.h3 f5 42.bxc5 Nxc5 43.Rd4+ Ke5
44.Rb4+ Ke6 45.Rb8 Nc7 46.Rh8 fxg4 47.hxg4 Kd5 48.Rxh6 Ne4 49.Bb2 Nb5 50.Rh8 Nc7
51.c4+ Kc6 52.Bd4 Ne6 53.Bb6 N4c5 54.Rg8 Nd4+ 55.Kf1 Nf3 56.Rg7 Nd7 57.Ke2 Nfe5
58.Rxg5 Nxc4 59.Rf5 Nce5 60.Rxf4 Kd5 61.Rd4+ Ke6 62.Bc7 Nf7 63.Kf2 Ke5 64.Rb4 Ng5
65.Kg3 Ne6 66.Bb6 Nf6 67.Kh4 d5 68.Bg1 d4 69.Rb6 Ne4 70.Rxa6 d3 71.Be3 d2
72.Bxd2 Nxd2 73.Rb6 Nc4 74.Rb4 Kd5 75.a6 Nc7 76.a7 Kc5 77.Rb8  1-0

[Event "Marijampole op"]
[Site "Marijampole"]
[Date "1996.??.??"]
[Round "8"]
[White "Chekurov, Vyacheslav"]
[Black "Fridman, Rafael"]
[Result "0-1"]
[WhiteElo "2330"]
[BlackElo "2260"]

1.e4 c5 2.Nf3 d6 3.Bb5+ Nd7 4.O-O a6 5.Bxd7+ Bxd7 6.d4 e6 7.c4 Ne7 8.Nc3 Ng6
9.Bg5 Qc7 10.h4 cxd4 11.Nxd4 h6 12.h5 Ne5 13.Bh4 Qxc4 14.Re1 Qd3 15.f4 Qxd1
16.Raxd1 Nc6 17.Nd5 exd5 18.Nxc6 Bxc6 19.exd5+ Kd7 20.Rd4 Rb8 21.f5 f6 22.Re6 Be7
23.Bg3 Rhc8 24.dxc6+ Rxc6 25.Kh2 Bf8 26.Rde4 Rbc8 27.Re3 Rc5 28.Rd3 Rxf5
29.Re2 Rxh5+ 30.Kg1 Rc1+  0-1

[Event "SVK-ch"]
[Site "Martin"]
[Date "1996.??.??"]
[Round "2"]
[White "Berezjuk, Sergej"]
[Black "Mihalik, Marek"]
[Result "1/2-1/2"]
[WhiteElo "2425"]
[BlackElo "2120"]

1.e4 c5 2.Nf3 d6 3.Bb5+ Bd7 4.Bxd7+ Nxd7 5.c4 Ngf6 6.Nc3 g6 7.d4 Bg7 8.O-O cxd4
9.Nxd4 O-O 10.Be3 Ne5 11.b3 Nc6 12.f3 Nd7 13.Kh1 Nc5 14.Qd2 Rb8 15.Rab1 a6
16.a4 Qa5 17.b4 Nxb4 18.Nd5 Nxd5 19.Qxa5 Nxe3 20.Rfe1 Bxd4 21.Qd2 Nxa4 22.Qxd4 Nc2
23.Qd1 Nxe1 24.Qxe1 Rfc8 25.Qh4 Rc7 26.h3 b5 27.cxb5 axb5 28.Qg5 Rcb7 29.Rb4 Nc5
30.f4 Na6 31.Rb2 b4 32.e5 Nc5 33.exd6 exd6 34.f5 b3 35.Kh2 Kg7 36.f6+ Kg8
37.Qh6 Ne6 38.Qd2 Rb6 39.h4 h5 40.Qh6 Rb5 41.Qd2 R8b6 42.Qh6 Rb4 43.Kh3 Rf4
44.g3 Rxf6 45.Qe3 Nc5 46.Qe7 Kg7 47.Qd8 Ra6 48.Qb8 Ra1 49.Rd2 Ne4 50.Re2 Nf2+
51.Kg2 Ra2 52.Qb5 Ng4 53.Rxa2 bxa2 54.Qb2 Kh7 55.Kh3 Rf2 56.Qg7+ Kxg7  1/2-1/2

[Event "SVK-ch"]
[Site "Martin"]
[Date "1996.??.??"]
[Round "2"]
[White "Salai, Ladislav"]
[Black "Blaho, Stefan"]
[Result "1-0"]
[WhiteElo "2430"]
[BlackElo "2160"]

1.e4 c5 2.Nf3 d6 3.Bb5+ Bd7 4.Bxd7+ Qxd7 5.c4 Nc6 6.d4 Qg4 7.O-O Nxd4 8.Nxd4 Qxd1
9.Rxd1 cxd4 10.Rxd4 g6 11.Rd3 Nf6 12.f3 Rc8 13.Be3 Rxc4 14.Na3 Rc6 15.Rb3 Bg7
16.Rxb7 O-O 17.Rxe7 Ng4 18.fxg4 Bxb2 19.Rf1 Bxa3 20.Bh6 f6 21.Bxf8 Kxf8 22.Rxh7 Bc5+
23.Kh1 Bd4 24.h4 a5 25.Rb1 Bb6 26.h5 gxh5 27.gxh5 a4 28.h6  1-0

[Event "Wch U20 Girls"]
[Site "Medellin"]
[Date "1996.??.??"]
[Round "7"]
[White "Xu Yuhua"]
[Black "Krupkova, Petra"]
[Result "1/2-1/2"]
[WhiteElo "2275"]
[BlackElo "2325"]

1.e4 c5 2.Nf3 d6 3.Bb5+ Bd7 4.Bxd7+ Qxd7 5.c4 Nc6 6.O-O Nf6 7.Nc3 g6 8.d4 cxd4
9.Nxd4 Nxd4 10.Qxd4 Bg7 11.f3 O-O 12.Qd3 Qc6 13.Be3 Nd7 14.b3 Nc5 15.Qd2 Rfd8
16.Rac1 b6 17.Rfd1 Rd7 18.Kh1 Rc8 19.Ne2 Ne6 20.Nc3 Qb7 21.Nd5 Nc7 22.Nc3 Ne6
23.Nd5 Nc7 24.Nc3  1/2-1/2

[Event "Melbourne Masters"]
[Site "Melbourne"]
[Date "1996.??.??"]
[Round "1"]
[White "Levi, Eddy"]
[Black "Curtis, Ry"]
[Result "1-0"]
[WhiteElo "2260"]
[BlackElo "2045"]

1.e4 c5 2.Nf3 d6 3.Bb5+ Bd7 4.Bxd7+ Qxd7 5.O-O Nf6 6.e5 dxe5 7.Nxe5 Qd6 8.Qe2 Nc6
9.Qb5 Rb8 10.Nc4 Qc7 11.Qxc5 e6 12.Qg5 Nd4 13.d3 b5 14.Ne3 Be7 15.Re1 b4
16.c3 Rb5 17.Qh4 Nc6 18.Nc4 O-O 19.Bg5 h6 20.Bxf6 Bxf6 21.Qg3 Qd7 22.d4 bxc3
23.bxc3 Ne7 24.Nbd2 Rc8 25.Ne4 Bh4 26.Qxh4 Rxc4 27.Qg3 Nd5 28.Rac1 Rb2 29.Rb1 Qb7
30.Qd3 Nf4 31.Rxb2 Nxd3 32.Rxb7 Nxe1 33.Kf1 Nd3 34.Rxa7 f5 35.Ng3 Rxc3 36.Nh5 g5
37.Ke2 Nb4 38.Nf6+ Kf8 39.Nd7+ Ke8 40.Nc5 Nc6 41.Kd2 Rc4 42.Rc7 Nxd4 43.Kd3 Nb5
44.Rc8+ Ke7 45.Kxc4 Nd6+ 46.Kd4 Nxc8 47.Ke5 f4 48.Nxe6 Na7 49.Nd4 Nc8 50.Nf5+  1-0

[Event "Wch U18"]
[Site "Menorca"]
[Date "1996.??.??"]
[Round "6"]
[White "Sadvakasov, Darmen"]
[Black "Dao Thien Hai"]
[Result "1/2-1/2"]
[WhiteElo "2360"]
[BlackElo "2535"]

1.e4 c5 2.Nf3 d6 3.Bb5+ Nd7 4.d4 Nf6 5.Nc3 a6 6.Bxd7+ Nxd7 7.dxc5 Nxc5 8.Be3 Bd7
9.e5 Bc6 10.exd6 Qxd6 11.Qxd6 exd6 12.O-O-O O-O-O 13.Rhe1 h6 14.Nd5 Ne6 15.Bb6 Re8
16.Ba5 h5 17.Nh4 Bxd5 18.Rxd5 g6 19.f4 Kd7 20.g3 Nc7 21.Rxe8 Nxe8 22.Nf3 Be7
23.Rd3 Bf6 24.Bb4 Kc7 25.Nd2 Be7 26.Nc4 f5 27.Rc3 Kd7 28.Nb6+ Ke6 29.Re3+ Kf7
30.Nd5 Bd8 31.Rb3 Ke6 32.c4 h4 33.Re3+ Kd7 34.Bc3 Rh7  1/2-1/2

[Event "Wch U18 Girls"]
[Site "Menorca"]
[Date "1996.??.??"]
[Round "6"]
[White "Blimke, Dalia"]
[Black "Peptan, Corina"]
[Result "0-1"]
[WhiteElo "2145"]
[BlackElo "2395"]

1.e4 c5 2.Nf3 d6 3.Bb5+ Nd7 4.d4 cxd4 5.Qxd4 e5 6.Qd3 h6 7.Nc3 Nf6 8.Be3 Be7
9.O-O O-O 10.Bc4 Nb6 11.Bb3 Be6 12.Rfe1 Rc8 13.Nd2 Ng4 14.Bxb6 Qxb6 15.Re2 a6
16.Nf1 Bg5 17.g3 h5 18.h3 Nf6 19.Kh2 h4 20.Ne3 g6 21.Rd1 Rcd8 22.Kg2 Kg7
23.Ncd5 Nxd5 24.Nxd5 Qc5 25.g4 f5 26.f3 fxg4 27.fxg4 Rf7 28.Rf1 Rxf1 29.Kxf1 Rf8+
30.Kg2 b5 31.a3 Qa7 32.Qc3 Qf7 33.Qe1 Qf3+ 34.Kg1 Bxd5 35.Bxd5 Qxh3 36.Be6 Rf3
37.Rh2 Be3+  0-1

[Event "Wch U18"]
[Site "Menorca"]
[Date "1996.??.??"]
[Round "7"]
[White "Shaked, Tal"]
[Black "Tihonov, Jurij"]
[Result "1/2-1/2"]
[WhiteElo "2440"]
[BlackElo "2460"]

1.e4 c5 2.Nf3 d6 3.Bb5+ Bd7 4.Bxd7+ Nxd7 5.O-O Ngf6 6.Qe2 e6 7.b3 Be7 8.Bb2 O-O
9.c4 a6 10.Nc3 Ne5 11.Rfd1 Qa5 12.d4 Nxf3+ 13.Qxf3 cxd4 14.Rxd4 b5 15.cxb5 axb5
16.a4 b4 17.Nb5 d5 18.exd5 Nxd5 19.Rg4 g6 20.Rc4 Rad8 21.g3 Rd7 22.h4 h5
23.Nd4 Qa8 24.Nc6 Bd6 25.Rd1 Kh7 26.Kg2 f6 27.Nd4 Re8 28.Nxe6 Bxg3 29.Nc5 Ne3+
30.fxe3 Qxf3+ 31.Kxf3 Rxd1 32.Kxg3 Rxe3+ 33.Kf2 Rh3 34.Ke2 Rg1  1/2-1/2

[Event "Wch U16 Girls"]
[Site "Menorca"]
[Date "1996.??.??"]
[Round "7"]
[White "Zarkovic, Danijela"]
[Black "Zozulia, Anna"]
[Result "0-1"]
[WhiteElo "2120"]
[BlackElo "2280"]

1.e4 c5 2.Nf3 d6 3.Bb5+ Nd7 4.O-O a6 5.Bxd7+ Bxd7 6.c3 c4 7.d4 cxd3 8.Qxd3 e5
9.Rd1 Be7 10.Na3 Bc6 11.c4 Nf6 12.Nd2 O-O 13.b4 Qc8 14.f3 Nh5 15.Nf1 g6 16.Bh6 Rd8
17.Bd2 Qe6 18.Kh1 f5 19.exf5 gxf5 20.Ne3 e4 21.fxe4 Bxe4 22.Qb3 Qg6 23.c5+ d5
24.Bc3 f4 25.Rxd5 Rxd5 26.Nxd5 Ng3+  0-1

[Event "Wch U18"]
[Site "Menorca"]
[Date "1996.??.??"]
[Round "10"]
[White "Menkinovski, Riste"]
[Black "Krakops, Maris"]
[Result "0-1"]
[WhiteElo "2310"]
[BlackElo "2440"]

1.e4 c5 2.Nf3 d6 3.Bb5+ Bd7 4.Bxd7+ Qxd7 5.c4 Nc6 6.Nc3 g6 7.d4 cxd4 8.Nxd4 Bg7
9.Be3 Nf6 10.O-O O-O 11.f3 Rfc8 12.b3 Qd8 13.Qd2 a6 14.Nd5 Nxd5 15.exd5 Nxd4
16.Bxd4 b5 17.Bxg7 Kxg7 18.Qd4+ Kg8 19.Rac1 Qa5 20.Rf2 bxc4 21.bxc4 Qc5 22.Qxc5 Rxc5
23.Rb2 Rac8 24.Rb7 Rxc4 25.Rxc4 Rxc4 26.Rxe7 Rc5 27.Ra7 a5 28.Kf2 Rxd5 29.Ke3 Kg7
30.f4 Kf6 31.g3 h5 32.Ke4 Rc5 33.Kd4 Ke6 34.a4 Rd5+ 35.Ke4 Rc5 36.Kd4 f6
37.h3 Rd5+ 38.Ke3 Rc5 39.Kd4 g5 40.Ke3 Rc3+ 41.Kf2 gxf4 42.gxf4 Rc5 43.Ra6 Kd5
44.Kg3 Ke6 45.Kf3 Rc3+ 46.Ke2 Kd5 47.Rxa5+ Ke4 48.Ra6 d5 49.Rxf6 Rxh3 50.a5 Rh2+
51.Kd1 h4 52.a6 Ra2 53.Rh6 Kd3 54.Ke1 d4 55.f5 Ra5 56.f6 Ke3 57.Kf1 d3 58.Rh7 d2
59.Rd7 Ra1+ 60.Kg2 d1=Q 61.Rxd1 Rxd1  0-1

[Event "Wch U12"]
[Site "Menorca"]
[Date "1996.??.??"]
[Round "11"]
[White "Bhat, Vinay S"]
[Black "Paragua, Mark"]
[Result "0-1"]
[WhiteElo "2225"]
[BlackElo "2120"]

1.e4 c5 2.Nf3 d6 3.Bb5+ Nd7 4.O-O Nf6 5.Qe2 e5 6.c3 Be7 7.d4 O-O 8.dxe5 Nxe5
9.Nxe5 dxe5 10.Bc4 Qb6 11.a4 Be6 12.Re1 Rfd8 13.Na3 h6 14.f3 Rac8 15.Be3 Nh5
16.g3 Bh3 17.f4 Nf6 18.fxe5 Ng4 19.a5 Qg6 20.Bf4 Bg5 21.Qf3 Bxf4 22.Qxf4 Re8
23.Bb5 Rxe5 24.Bd7 Rce8 25.Bxe8 Rxe8 26.Nc4 Qh5 27.Re2 Re6 28.e5 Nf6 29.Rae1 Bg4
30.Rf2 Nh7 31.Re4 Bh3 32.g4 Qg6 33.Kh1 Ng5 34.Re1 h5 35.gxh5 Qxh5 36.Rg1 Rg6
37.e6 Bxe6 38.Ne3 Nh3 39.Qb8+ Kh7 40.Rfg2 Qf3 41.Re1 Bd5 42.Qg3 Rxg3 43.hxg3 Qxg3
44.Nxd5 Qxe1+ 45.Kh2 Qe5+ 46.Kxh3 Qxd5 47.Kh2 f5 48.Kh3 f4 49.Kh2 f3 50.Rf2 Qe5+
51.Kh3 Qf4  0-1

[Event "Wch U18"]
[Site "Menorca"]
[Date "1996.??.??"]
[Round "11"]
[White "Kasimdzhanov, Rustam"]
[Black "Kalod, Radek"]
[Result "1/2-1/2"]
[WhiteElo "2435"]
[BlackElo "2380"]

1.e4 c5 2.Nf3 d6 3.Bb5+ Bd7 4.Bxd7+ Qxd7 5.c4 Nc6 6.O-O Ne5 7.Nxe5 dxe5 8.Nc3 e6
9.Qa4 Ne7 10.Qxd7+ Kxd7 11.d3 Nc6 12.Be3 Bd6 13.g3 Nd4 14.Nb5 a6 15.Nxd4 exd4
16.Bd2 b5 17.Rfc1 Rhc8 18.Kf1 f5 19.Ke2 Rab8  1/2-1/2

[Event "Metz op"]
[Site "Metz"]
[Date "1996.??.??"]
[Round "?"]
[White "Chaplin, Erik"]
[Black "Mertens, Marc"]
[Result "0-1"]
[WhiteElo "2245"]
[BlackElo "2120"]

1.e4 c5 2.Nf3 d6 3.Bb5+ Nc6 4.O-O Bd7 5.c3 a6 6.Bxc6 Bxc6 7.Re1 Nf6 8.d4 cxd4
9.cxd4 Bxe4 10.Nc3 d5 11.Bg5 e6 12.Bxf6 gxf6 13.Nxe4 dxe4 14.Rxe4 Qd5 15.Qa4+ b5
16.Qc2 Bd6 17.Nd2 Kd7 18.Nf1 Rac8 19.Qd3 f5 20.Rh4 Qc6 21.Ne3 Ke7 22.Re1 Bb4
23.d5 Qc5 24.Rd1 Qd6 25.Qb3 Bc5 26.dxe6 Qxe6 27.Nd5+ Kf8 28.Qd3 Bd6 29.Rh5 Re8
30.Rxf5 Qe1+ 31.Rxe1 Rxe1+ 32.Qf1 Bxh2+ 33.Kxh2 Rxf1  0-1

[Event "Milan"]
[Site "Milan"]
[Date "1996.??.??"]
[Round "4"]
[White "Di Fonzo, Valerio"]
[Black "Iudicello, Marco"]
[Result "1/2-1/2"]
[WhiteElo "2225"]
[BlackElo "2215"]

1.e4 c5 2.Nf3 d6 3.Bb5+ Nc6 4.O-O g6 5.d4 Qb6 6.Nc3 Bd7 7.Nd5 Qd8 8.dxc5 dxc5
9.Re1 a6 10.Bf1 e6 11.Bg5 f6 12.Nxf6+ Nxf6 13.e5 Be7 14.exf6 Bxf6 15.Bxf6 Qxf6
16.Qd6 Qe7 17.Qxe7+ Kxe7 18.c3 Rad8 19.Ng5 Bc8 20.Bc4 Rd2 21.Nxe6 Rxb2 22.Nxc5+ Kd6
23.Ne4+ Kc7 24.Re2 Rxe2 25.Bxe2 Re8 26.f3 Re5 27.Kf2 Ne7 28.Bc4 Bf5 29.Re1 Nc6
30.Bb3 Ra5 31.f4 Nb8 32.Nf6 h5 33.Re7+ Kb6 34.Nd5+ Ka7 35.Nb4 Rc5 36.Re3 Nd7
37.Nd5 a5 38.c4 b5 39.cxb5 a4 40.Bxa4 Rxd5 41.Bb3 Rxb5 42.Re7 Kb6 43.Be6 Nc5
44.Bxf5 gxf5 45.Rh7 Rb2+ 46.Kf3 Ne4  1/2-1/2

[Event "Minsk op"]
[Site "Minsk"]
[Date "1996.??.??"]
[Round "4"]
[White "Voitsekhovsky, Stanislav"]
[Black "Losev, Dmitry"]
[Result "0-1"]
[WhiteElo "2485"]
[BlackElo "2370"]

1.e4 c5 2.Nf3 d6 3.Bb5+ Nd7 4.c3 Nf6 5.Qe2 a6 6.Ba4 e5 7.d3 g6 8.Bg5 Bg7
9.Nbd2 O-O 10.Bb3 b5 11.O-O Bb7 12.Rae1 h6 13.Bh4 Qc7 14.Bg3 Nh5 15.Nh4 Kh7
16.Nf5 Nxg3 17.Nxg3 Rae8 18.h4 Nf6 19.h5 Bc8 20.Nf3 Bg4 21.hxg6+ fxg6 22.Qe3 Qe7
23.a4 Bc8 24.axb5 axb5 25.Ra1 Ng4 26.Qd2 h5 27.Ng5+ Kh8 28.Nh3 Bh6 29.Qe2 Qh4
30.Ra7 Nxf2 31.Rxf2 Qxg3 32.Rff7 Rxf7 33.Bxf7 Rf8 34.Nf2 Be3 35.Kf1 Qxf2+
36.Qxf2 Bxf2 37.Kxf2 Be6  0-1

[Event "Minsk op"]
[Site "Minsk"]
[Date "1996.??.??"]
[Round "7"]
[White "Chernyshov, Konstantin"]
[Black "Drogoon, A."]
[Result "1/2-1/2"]
[WhiteElo "2470"]
[BlackElo "2370"]

1.e4 c5 2.Nf3 d6 3.Bb5+ Bd7 4.a4 Nc6 5.O-O a6 6.Bxc6 Bxc6 7.Re1 Nf6 8.e5 dxe5
9.Nxe5 Qd5 10.Nxc6 Qxc6 11.d3 e6 12.Bg5 Be7 13.Nd2 O-O 14.a5 Nd5 15.Bxe7 Nxe7
16.Nc4 Rad8 17.Re4 Rd4 18.Qf3 Qd5 19.Rae1 Nc6 20.Qg3 Rxe4 21.Rxe4 Nd4 22.Qd6 Rd8
23.Qe7 Nc6 24.Qh4 f6 25.f4 Re8 26.Qf2 Nd4 27.h3 Re7 28.Kh2 Kf7 29.Qd2 Rc7
30.Qf2 Nf5 31.Qe2 Nd4 32.Qd1 g6 33.b3 Nf5 34.Qe1 Rc6 35.Qe2 Qd7 36.Nb6 Qe7
37.Qf2 Qd8 38.Kg1 Nd6 39.Re1 Nc8 40.Qh4 h5 41.f5 Nxb6 42.fxg6+ Kxg6 43.axb6 Qd6
44.Re4 f5 45.Rc4 Rxb6 46.g4 hxg4 47.hxg4 Rb4 48.Qh5+ Kg7 49.Qg5+ Kf7 50.gxf5 Rxc4  1/2-1/2

[Event "Minsk op"]
[Site "Minsk"]
[Date "1996.??.??"]
[Round "9"]
[White "Chernyshov, Konstantin"]
[Black "Lutsko, Igor"]
[Result "1-0"]
[WhiteElo "2470"]
[BlackElo "2410"]

1.e4 c5 2.Nf3 d6 3.Bb5+ Bd7 4.a4 Nc6 5.O-O Nf6 6.Re1 a6 7.Bxc6 Bxc6 8.e5 dxe5
9.Nxe5 Rc8 10.d3 e6 11.Nd2 Be7 12.Ndc4 O-O 13.Nxc6 Rxc6 14.Bg5 Nd5 15.Bxe7 Nxe7
16.a5 f6 17.Qd2 Nd5 18.f4 Nc7 19.Re4 Qd5 20.Rae1 Rd8 21.Qe3 h6 22.Qh3 Qd7
23.g3 Qf7 24.Qg2 Qg6 25.Kh1 Qf5 26.Qe2  1-0

[Event "Minsk op"]
[Site "Minsk"]
[Date "1996.??.??"]
[Round "9"]
[White "Berezjuk, Sergej"]
[Black "Buligin, Alexander"]
[Result "1-0"]
[WhiteElo "2425"]
[BlackElo "2330"]

1.e4 c5 2.Nf3 d6 3.Bb5+ Nd7 4.d4 Nf6 5.O-O Nxe4 6.Qe2 Nf6 7.dxc5 dxc5 8.Rd1 Qc7
9.Ne5 a6 10.Nc3 e6 11.Bf4 axb5 12.Nxd7 Qxf4 13.Nxf6+ gxf6 14.Qxb5+ Ke7 15.Qb6 Bh6
16.Qxc5+ Ke8 17.Nb5  1-0

[Event "Mondariz op"]
[Site "Mondariz"]
[Date "1996.??.??"]
[Round "?"]
[White "Gonzalez, Raul"]
[Black "Borrego, Enrique"]
[Result "1-0"]
[WhiteElo "2450"]
[BlackElo "2205"]

1.e4 c5 2.Nf3 d6 3.Bb5+ Bd7 4.a4 Nc6 5.O-O Nf6 6.Re1 e5 7.d3 g6 8.Nbd2 Bg7
9.Nc4 Qc7 10.a5 O-O 11.Bg5 Ne8 12.Ne3 f6 13.Nd5 Qd8 14.Bh4 Nc7 15.Nxc7 Qxc7
16.Nd2 Rad8 17.Nc4 Bh6 18.a6 bxa6 19.Rxa6 Nb4 20.Ra5 Bc8 21.Ra3 a6 22.Ba4 d5
23.exd5 Nxd5 24.Bb3 Kg7 25.Na5 Ne7 26.Bg3 Nf5 27.Bc4 Nd6 28.Qe2 Rfe8 29.Raa1 Qb6
30.Bb3 Nf5 31.Nc4 Nxg3 32.Nxb6 Nxe2+ 33.Rxe2 Bb7 34.f3 Kf8 35.Ra5 Bc1 36.Na4 Bc6
37.Nxc5 Rd6 38.Rxa6 Bxb2 39.Ne4 Bd4+ 40.Kf1  1-0

[Event "Mondariz op"]
[Site "Mondariz"]
[Date "1996.??.??"]
[Round "?"]
[White "Rodriguez, Rafael"]
[Black "Martinez, D."]
[Result "0-1"]
[WhiteElo "2410"]
[BlackElo "2100"]

1.e4 c5 2.Nf3 d6 3.Bb5+ Bd7 4.Bxd7+ Qxd7 5.O-O Nf6 6.Re1 g6 7.c4 Bg7 8.d4 cxd4
9.Nxd4 Nc6 10.Nc2 Ne5 11.Qe2 Rc8 12.b3 b5 13.cxb5 Qb7 14.Nba3 O-O 15.Bb2 Nh5
16.Reb1 f5 17.f3 Nf4 18.Qe3 fxe4 19.Qxe4 Qxe4 20.fxe4 Ned3 21.Bxg7 Ne2+  0-1

[Event "Moravia-ch op"]
[Site "Moravia"]
[Date "1996.??.??"]
[Round "?"]
[White "Vyskocil, Neklan"]
[Black "Lepik, Jaroslav"]
[Result "1-0"]
[WhiteElo "2260"]
[BlackElo "2105"]

1.e4 c5 2.Nf3 d6 3.Bb5+ Nd7 4.O-O a6 5.Bxd7+ Bxd7 6.d4 cxd4 7.Qxd4 e6 8.Bg5 Qc7
9.Nbd2 h6 10.Bh4 Rc8 11.c4 Qc5 12.Qd3 Ne7 13.Rac1 Ng6 14.Bg3 Be7 15.Nb3 Qb6
16.Rfd1 Ba4 17.Bxd6 Bxd6 18.Qxd6 Qxd6 19.Rxd6 Bc6 20.Re1 Ke7 21.Rd3 b5 22.Rc3 bxc4
23.Rxc4 Bb5 24.Rxc8 Rxc8 25.Nbd4 Bd3 26.g3 Rc4 27.b3 Rc5 28.Nd2 e5 29.Re3 Bb5
30.Nf5+ Kf6 31.a4 Rc1+ 32.Kg2 Bd7 33.Nd6 Ke6 34.Rd3 Ne7 35.Nxf7 Bxa4 36.Nd8+ Kf6
37.bxa4 Rc8 38.Rd6+  1-0